00797nam a2200217 a 450000500170000000800410001704000250005804100080008304400080009109000140009910000290011324500810014226000410022330000100026465000320027465000320030665000410033894200150037999900130039495201720040720200104041509.0140220b1995 -Us||||| |||| 00| 0 eng d aCO-BoIAVHcCO-BoIAVH aeng axxu aLBb00273 aGillies, Elizabeth97213 aEconomic basis for conservation of biological resourcesbsharing of benefits aWashingtonbWWF Internationalc1995? a55 p. aRecursos financieros942619 aEconomía ambiental942620 aConservación de biodiversidad9345 cINFORME2z c293d293 00102z40708GENERALIINV2017aBogotabBogotad1997-12-29eBaptiste, Luis Guillermol0oLB-00273p000384r2012-12-04 00:00:00tEj. 1w2012-12-04xDonaciónyINFORME